K pojmu sociálneho fungovania
Rôzne interprertácie sociálneho fungovania so zreteľom na ich praktické implikácie. Senov prístup zameraný na schopnosti (capabilities) a problém sociálneho fungovania.
Salvato in:
| Autore principale: | |
|---|---|
| Natura: | Capitolo di libro |
| Lingua: | slovacco |
| Soggetti: | |
| Tags: |
Nessun Tag, puoi essere il primo ad aggiungerne!!
|
MARC
| LEADER | 00000naa a2200000 4500 | ||
|---|---|---|---|
| 001 | 0144520 | ||
| 005 | 20231204092528.3 | ||
| 041 | 0 | |a slo | |
| 044 | |a SK | ||
| 245 | 1 | 0 | |a K pojmu sociálneho fungovania |c Zuzana Palovičová |
| 520 | |a Rôzne interprertácie sociálneho fungovania so zreteľom na ich praktické implikácie. Senov prístup zameraný na schopnosti (capabilities) a problém sociálneho fungovania. | ||
| 610 | 2 | 0 | |a správanie sociálne |
| 610 | 2 | 0 | |a pojmy |
| 610 | 2 | 0 | |a legislatíva |
| 610 | 2 | 0 | |a práca sociálna |
| 610 | 2 | 0 | |a blahobyt |
| 610 | 2 | 0 | |a politika verejná |
| 100 | 1 | |a Palovičová, Zuzana | |